Music Quiz

Random Music or Song Quiz

Non-Hits of the '70s! Quiz Stats

 Plays Quiz Updated Aug 13, 2014

Challenge
Share
Tweet
Embed
Score 0/60 Timer 15:00
2 Plays Today
Song Artist % Correct
Baba O'RileyThe Who
87.5%
Stairway To HeavenLed Zeppelin
83.5%
DesperadoEagles
75.1%
Comfortably NumbPink Floyd
73.4%
London CallingThe Clash
69.9%
L.A. WomanThe Doors
64.7%
Isn't She LovelyStevie Wonder
63.4%
Southern ManNeil Young And Crazy Horse
62.8%
Anarchy In The U.K.The Sex Pistols
62.5%
Blitzkrieg BopThe Ramones
59.6%
AqualungJethro Tull
59.5%
The ChainFleetwood Mac
54.9%
Mona Lisas and Mad HattersElton John
53%
Get Up Stand UpBob Marley And The Wailers
52.3%
Big Ten Inch RecordAerosmith
50.9%
Turn The PageBob Seger And The Silver Bullet Band
47.3%
HeroesDavid Bowie
46.5%
Casey JonesThe Grateful Dead
46.3%
Walking On The MoonThe Police
44.6%
Jamie's Cryin'Van Halen
44%
Rosalita (Come Out Tonight)Bruce Springsteen
39.6%
Time Waits For No OneThe Rolling Stones
35.6%
Every Picture Tells A StoryRod Stewart
35.3%
Girls Got RhythmAC/DC
34.9%
Highway StarDeep Purple
33.2%
Call Me The BreezeLynyrd Skynyrd
32.7%
Keep Yourself AliveQueen
31.7%
GodzillaBlue Öyster Cult
31.1%
Even The LosersTom Petty And The Heartbreakers
29.4%
StrutterKiss
29.4%
Song Artist % Correct
Mull Of KintyreWings
28.3%
Sweet JaneThe Velvet Underground
28.1%
Shooting StarBad Company
27.5%
Pump It UpElvis Costello And The Attractions
26.8%
Son Of A Son Of A SailorJimmy Buffett
26.1%
And It Stoned MeVan Morrison
26%
Hair Of The DogNazareth
25.8%
Move It On OverGeorge Thorogood And The Destroyers
23.9%
Carry OnCrosby, Stills, Nash And Young
21.6%
I'm The ManJoe Jackson
21.4%
Suite Madam BlueStyx
21%
The TreesRush
20.6%
Karn Evil 9Emerson, Lake And Palmer
17.9%
Stage FrightThe Band
16.9%
Beautiful NoiseNeil Diamond
15.8%
Bye Bye LoveThe Cars
15.3%
Bus RiderThe Guess Who
14.2%
Haitian DivorceSteely Dan
14%
RasputinBoney M
13.9%
A Gallon Of GasThe Kinks
12.4%
Making Plans For NigelXTC
12%
All The Way From MemphisMott The Hoople
10.2%
The StakeThe Steve Miller Band
9.1%
SchoolSupertramp
8.9%
Personality CrisisThe New York Dolls
7.4%
The 6-TeensThe Sweet
7%
Gonna Raise HellCheap Trick
6.5%
We're All AloneBoz Scaggs
6.4%
Nice Legs, Shame About Her FaceThe Monks
3%
AirportThe Motors
2.9%

You're not logged in!

Compare scores with friends on all Sporcle quizzes.
Join for Free
OR
Log In

You Might Also Like...

Show Comments

Extras

Top Quizzes Today


Score Distribution

Your Account Isn't Verified!

In order to create a playlist on Sporcle, you need to verify the email address you used during registration. Go to your Sporcle Settings to finish the process.

Report this User

Report this user for behavior that violates our Community Guidelines.

Details: